Procesy dostosowawcze przedsiebiorstw przemyslowych do mechanizmu rynkowego (1991 r.).

Do výskumu v Poľsku bolo zapojených 42 priemyselných podnikov zväčša s trhovým hospodárstvom vo forme ankety. Predkladajú sa výsledky tohto výskumu v 12 samostatných článkoch na s. 4-42, ktorých autormi sú pracovníci 5 poľských výskumných ústavov.

Saved in:
Bibliographic Details
Main Author: Boguszewski, P.
Format: Book Chapter
Language:Polish
Subjects:
Tags: Add Tag
No Tags, Be the first to tag this record!

MARC

LEADER 00000naa a2200000 4500
001 r008928
005 20221125122941.0
041 0 |a pol 
044 |a PL 
245 1 0 |a Procesy dostosowawcze przedsiebiorstw przemyslowych do mechanizmu rynkowego (1991 r.).  |c P. Boguszewski 
520 |a Do výskumu v Poľsku bolo zapojených 42 priemyselných podnikov zväčša s trhovým hospodárstvom vo forme ankety. Predkladajú sa výsledky tohto výskumu v 12 samostatných článkoch na s. 4-42, ktorých autormi sú pracovníci 5 poľských výskumných ústavov. 
610 2 0 |a podnik priemyselný 
610 2 0 |a hospodárstvo trhové 
610 2 0 |a výskum ekonomický 
610 2 0 |a ankety 
610 2 0 |a ústavy výskumné ekonomické 
610 2 0 |a PR 
610 2 0 |a 1991 
100 1 |a Boguszewski, P.